1773 1720 1689 1035 1307 1779 1222 1139 1039 1504 1817 1010 1009 1219 1559 1465 1949 1693 1038 1010 1139 1883 1890 1942 1906 1627 1918 1164 1829 1751 1413 1718 1401 1999 1138 1786 1799 1640 1691 1618 1026 1318 1882 1871 1866 1097 1837 1641 1225 1678 1649 1642 1132 1135 1864 1419 1999 1833 1220 1591 1325 1365 1503 1400 1647 1092 1542 1744 1016 1497 1634 1769 1654 1512 1306 1961 1791 1793 1333 1021 1270 1276 1849 1486 1900 1745 1899 1165 1115 1428 1781 1052 1715 1865 1036 1028 2000 1118 1325 BCNSPRNW ULIB Ver.6.0+V

เปลี่ยนเป็นภาษาไทย

Change to English
 แสดงรายละเอียดบรรณานุกรม
  กลับหน้าหลัก

Brief Record : Get Marc (ISO 2709) : E-mail record : QR code < ปิดหน้าต่าง
LEADER : 00000nam 2200000uu 4500
001    13399122631
003     ULIB
008    020711s2555 th a 000 0 tha d
020    9786162790324
060    WQ300^bว582ก
100    วิทยา ถิฐาพันธ์
110    คณะแพทย์ศาสตร์ศิริราชพยาบาล.^bภาควิชาสูติศาสตร์-นรีเวช
245    การซ่อมแซมแผลฝีเย็บที่ฉีกขาดจากการคลอด /^cวิทยา ถิฐาพันธ์
250    พิมพ์ครั้งที่ 1
260    กรุงเทพฯ :^bคณะแพทย์ศาสตร์ศิริราชพยาบาล.,^c2555
300    66 หน้า
650    แผลฝีเย็บ
945    ^p120^l0^i20082
945    ^p120^l0^i20083
945    ^p120^l0^i20084
945    ^p120^l0^i20085
945    ^p120^l0^i20086
945    ^p120^l0^i20087
999    ^aกัณชพร
รายการนี้ยังไม่มีแท็ก
คุณยังไม่ได้ล็อกอิน คุณสามารถมีกิจกรรมร่วมกับเว็บไซต์ได้ แต่ต้องล็อกอินก่อน ::
  ล็อกอิน

รายการสื่อสารสนเทศ

ลำดับที่ ประเภท เลขเรียก/บาร์โค้ด สถานที่ สถานะ
1. วิทยาศาสตร์การแพทย์ และสุขภาพ
วิทยาศาสตร์การแพทย์ และสุขภาพ
WQ300 ว582ก ฉ.1 
  Barcode: 20082
ห้องสมุดวิทยาเขตนครสวรรค์
►ส่วนจัดเก็บหนังสือเก่า นว.
บนชั้น
  ขอยืม
2. วิทยาศาสตร์การแพทย์ และสุขภาพ
วิทยาศาสตร์การแพทย์ และสุขภาพ
WQ300 ว582ก ฉ.2 
  Barcode: 20083
ห้องสมุดวิทยาเขตนครสวรรค์
►หนังสือทั่วไป:l:General Books
บนชั้น
3. วิทยาศาสตร์การแพทย์ และสุขภาพ
วิทยาศาสตร์การแพทย์ และสุขภาพ
WQ300 ว582ก ฉ.3 
  Barcode: 20084
ห้องสมุดวิทยาเขตนครสวรรค์
►ส่วนจัดเก็บหนังสือเก่า นว.
บนชั้น
  ขอยืม
4. วิทยาศาสตร์การแพทย์ และสุขภาพ
วิทยาศาสตร์การแพทย์ และสุขภาพ
WQ300 ว582ก ฉ.4 
  Barcode: 20085
ห้องสมุดวิทยาเขตนครสวรรค์
►หนังสือทั่วไป:l:General Books
บนชั้น
5. วิทยาศาสตร์การแพทย์ และสุขภาพ
วิทยาศาสตร์การแพทย์ และสุขภาพ
WQ300 ว582ก ฉ.5 
  Barcode: 20086
ห้องสมุดวิทยาเขตนครสวรรค์
►หนังสือทั่วไป:l:General Books
บนชั้น
6. วิทยาศาสตร์การแพทย์ และสุขภาพ
วิทยาศาสตร์การแพทย์ และสุขภาพ
WQ300 ว582ก ฉ.6 
  Barcode: 20087
ห้องสมุดวิทยาเขตนครสวรรค์
►หนังสือทั่วไป:l:General Books
ถูกยืม กำหนดส่งวันที่ 18 ธันวาคม 2559
  จอง

รายการใกล้เคียง
    ผู้แต่ง [วิทยา ถิฐาพันธ์]

BibComment


ยังไม่เคยถูกคอมเมนท์

คอมเมนท์ทรัพยากรรายการนี้
  คอมเมนท์: การซ่อมแซมแผลฝีเย..


 Copyright 2026. Bcnsprnw @Library